000 00745nam a2200277Ia 4500
001 26862
005 20240114000941.0
007 ta
008 060517s1956 g b000 u 465 u
040 _aCotton College,Assam
041 _a465
082 _a131.3
_bK 672 M
100 _aKlein, D.B. .
245 0 _aMental Hygiene: A survey of Persionality Disorders and Mental Health /
_cD.B.Klein.
_hTextual Documents
250 _a1st ed. /
260 _aNew York :
_bHenry Holt and company ,
_c1956.
300 _a653p. ;
_c22cm.
504 _aIndex
653 _aPsychology
653 _aMental Hygiene
653 _aMental Health
653 _aG-Philosophy
942 _2ddc
_cBK
999 _c26844
_d26844